Sv. Cyril a Metod a Gorazd

Bibliographic Details
Main Author: Bagin, Anton, 1923-1992 (Author)
Format: Article
Language:Slovak
PhysicalDescription:Fot. 1.
Subjects:

MARC

LEADER 00000nab a2200000 a 4500
001 vtls000199894
003 SK-MaSNL
005 20260304021244.0
008 160205c1984 xo 0 slo
015 |a SNBRB19rr/mm-uuuuu 
035 |a CL0210007 
040 |a SNKBUCL  |b slo  |c SNKBUCL  |e AACR2 
041 0 |a slo 
044 |a xo  |c SK 
080 |a 82(091):881.01"08"  |2 1981 
080 |a 881.01"08"  |2 1981 
080 |a 881.01(091)"08"  |2 1981 
100 1 |a Bagin, Anton,  |d 1923-1992  |4 aut  |9 113281 
245 1 0 |a Sv. Cyril a Metod a Gorazd  |c Anton Bagin 
300 |b Fot. 1. 
500 |a V rubrike Jubilejný rok sv. Metoda. Lit. 17 zázn. 
650 0 7 |a staroslovienska literatúra  |2 snkbucl  |9 1482 
651 7 |a Veľká Morava  |2 snkbucl  |9 66060 
655 7 |a články z novín a časopisov  |2 snkbucl  |9 267496 
655 7 |a články z odboru literárna veda a krásna literatúra  |2 snkbucl  |9 770045 
773 0 |t Duchovný pastier  |g Roč. 65, č. 10 (1984), s. 463-467 
850 |a Slovenská národná knižnica v Martine  |a MTA001 
852 |a SNK  |b KIS3GCP 
958 |a NB 
958 |a RK 
958 |a LX 
958 |a SK 
992 |a RBX 
999 |c 2604664  |d 2606594